=LDR 00000nam 2200000 4500 =001 INLIS000000000052735 =005 20180227080036 =035 ##$$a 0010-0218000431 =007 ta =008 180227###########################0###### =020 ##$$a 978-602-72959-5-7 =082 ##$$a 660.62 =084 ##$$a 660.62 PRA m =100 #$$a Prasetya ramadhan =245 1#$$a Mikrobiologi Industri : $b Mikroorganisme dan Aplikasinya dalam industri /$c Prasetya ramadhan =260 ##$$a Yogyakarta :$b Graha Ilmu,$c 2015 =300 ##$$a v,126 hlm : $b ilus ; $c 23 cm =650 ##$$a Mikrobiologi perindustrian =504 ##$$a Bibliografi : hlm. 125-126 =990 ##$$a 48944894 =990 ##$$a 48944894 =990 ##$$a 48944894 =990 ##$$a 48944894 =990 ##$$a 48944894 =990 ##$$a 21709771 =990 ##$$a 01201804894 =990 ##$$a 01201804895 =990 ##$$a 01201804896 =990 ##$$a 01201804897 =990 ##$$a 21709772 =990 ##$$a 01201804894 =990 ##$$a 01201804895 =990 ##$$a 01201804896 =990 ##$$a 21709771 =990 ##$$a 21709773 =990 ##$$a 01201804894 =990 ##$$a 01201804895 =990 ##$$a 21709772 =990 ##$$a 21709771 =990 ##$$a 21709774 =990 ##$$a 01201804894 =990 ##$$a 21709773 =990 ##$$a 21709772 =990 ##$$a 21709771 =990 ##$$a 21709775 =990 ##$$a 21709774 =990 ##$$a 21709773 =990 ##$$a 21709772 =990 ##$$a 21709771